Региональные кластеры, основанные на знаниях; Информационные технологии в науке, управлении, социальной сфере и медицине; Ч. 2

書誌詳細
Parent link:Информационные технологии в науке, управлении, социальной сфере и медицине: сборник научных трудов V Международной научной конференции, 17-21 декабря 2018 г., Томск/ Национальный исследовательский Томский политехнический университет (ТПУ) ; Томский государственный педагогический университет (ТГПУ) ; под ред. О. Г. Берестневой [и др.].— , 2018
Ч. 2.— 2018.— [С. 53-58]
第一著者: Кайль О. Н.
団体著者: Национальный исследовательский Томский политехнический университет Школа инженерного предпринимательства
その他の著者: Павлова И. А. Ирина Анатольевна
要約:Заглавие с титульного экрана
This publication presents the modern approach to determine clusters. A special attention focus is given to such a phenomenon as territorial innovation cluster which is based on knowledge. The authors describe the structure of this cluster and present the method of the European Cluster Observation Laboratory to specify the clusters in terms of size, specialization and focus.
言語:ロシア語
出版事項: 2018
シリーズ:Информационные технологии и моделирование в экономике
主題:
オンライン・アクセス:http://earchive.tpu.ru/handle/11683/52312
フォーマット: MixedMaterials 電子媒体 図書の章
KOHA link:https://koha.lib.tpu.ru/cgi-bin/koha/opac-detail.pl?biblionumber=628905

MARC

LEADER 00000naa2a2200000 4500
001 628905
005 20231218094757.0
035 |a (RuTPU)RU\TPU\conf\29245 
035 |a RU\TPU\conf\29243 
090 |a 628905 
100 |a 20190115d2018 k y0rusy50 ca 
101 0 |a rus 
102 |a RU 
105 |a y z 101zy 
135 |a drgn ---uucaa 
181 0 |a i  
182 0 |a b 
200 1 |a Региональные кластеры, основанные на знаниях  |d Knowledge based regional clusters  |f О. Н. Кайль, И. А. Павлова 
203 |a Текст  |c электронный 
225 1 |a Информационные технологии и моделирование в экономике 
300 |a Заглавие с титульного экрана 
320 |a [Библиогр.: с. 57-58 (11 назв.)] 
330 |a This publication presents the modern approach to determine clusters. A special attention focus is given to such a phenomenon as territorial innovation cluster which is based on knowledge. The authors describe the structure of this cluster and present the method of the European Cluster Observation Laboratory to specify the clusters in terms of size, specialization and focus. 
461 1 |0 (RuTPU)RU\TPU\conf\29207  |t Информационные технологии в науке, управлении, социальной сфере и медицине  |o сборник научных трудов V Международной научной конференции, 17-21 декабря 2018 г., Томск  |o в 2 ч.  |f Национальный исследовательский Томский политехнический университет (ТПУ) ; Томский государственный педагогический университет (ТГПУ) ; под ред. О. Г. Берестневой [и др.]  |d 2018 
463 1 |0 (RuTPU)RU\TPU\conf\29209  |t Ч. 2  |v [С. 53-58]  |d 2018 
510 1 |a Knowledge based regional clusters  |z eng 
610 1 |a электронный ресурс 
610 1 |a труды учёных ТПУ 
610 1 |a innovation cluster 
610 1 |a knowledge-based economy 
610 1 |a cluster policy 
610 1 |a regional cluster 
610 1 |a инновационные кластеры 
610 1 |a экономика знаний 
610 1 |a кластерная политика 
610 1 |a региональное развитие 
610 1 |a инновационное развитие 
700 1 |a Кайль  |b О. Н. 
701 1 |a Павлова  |b И. А.  |c экономист  |c старший преподаватель Томского политехнического университета, кандидат наук  |f 1979-  |g Ирина Анатольевна  |3 (RuTPU)RU\TPU\pers\35318  |9 18578 
712 0 2 |a Национальный исследовательский Томский политехнический университет  |b Школа инженерного предпринимательства  |c (2017- )  |3 (RuTPU)RU\TPU\col\23544 
801 2 |a RU  |b 63413507  |c 20190118  |g RCR 
856 4 |u http://earchive.tpu.ru/handle/11683/52312 
942 |c BK